30 Most Famous Cities in Somalia (incl. Somaliland) on a Map - Statistics

General Stats
  • This quiz has been taken 75 times
  • The average score is 10 of 30
Answers on the Map
Answers color-coded by a green-red scale on the quiz's map according to % correct below.
 
Answer Stats
Wiki Monthly Views Cityquiz Mention Rate Population Answers % Correct
78.93K 43.84% 1650.23K Mogadishu
98%
17.22K 9.52% 741.00K Hargeisa
86%
6.48K 2.48% 374.00K Berbera
64%
6.28K 1.39% 358.00K Kismayo
50%
3.05K 1.19% 425.00K Burao
44%
2.92K 1.30% 129.84K Baidoa
42%
5.51K 1.74% 164.91K Bosaso
42%
3.31K 1.20% 499.00K Merca
42%
3.15K 0.54% 120.00K Garoowe
40%
4.56K 1.02% 137.00K Galkayo
38%
2.78K 0.36% 55.41K Beledweyne
32%
2.66K 0.28% 68.07K Borama
32%
3.04K 0.26% 76.50K Las Anod
32%
1.83K 0.14% 180.00K Erigavo
28%
1.03K 0.37% 185.27K Jamame
28%
1.99K 0.14% 100.00K Jilib
26%
1.98K 0.12% 79.40K Afgooye
24%
2.01K - 21.70K Eyl
24%
2.95K 0.10% 47.09K Jowhar
24%
3.88K - 260.80K Barawa
22%
1.07K 0.12% 42.24K Bardere
22%
1.29K - 11.37K Buuhoodle
20%
1.20K - 9.00K Dusmareb
20%
1.12K - 13.20K Hafun
20%
5.21K - 18.60K Zeila
20%
1.43K - 141.00K Gabiley
16%
1.44K - 12.56K Hobyo
16%
1.45K 0.07% 51.72K Qoryoley
16%
1.38K - 4.37K Taleh
16%
1.14K - 65.52K Harardhere
12%
No matching quizzes found
Score Distribution
Percent of People with Each Score
Percentile by Number Answered
Your Score History
You have not taken this quiz